| 000 | 00298 a2200121 4500 | ||
|---|---|---|---|
| 001 | 66235 | ||
| 082 | _a025.04 AGA | ||
| 090 |
_c38520 _d38520 |
||
| 100 | _aAgarwal, Vibuti | ||
| 245 | _aLibrary Networking ; challenges and opportunities | ||
| 260 |
_aAustralia _bVikas Pub _c2000 |
||
| 300 | _a418 | ||
| 942 |
_aNUST-CAE _k025.04 AGA |
||
| 999 |
_c301308 _d301308 |
||